<?xml version="1.0" encoding="UTF-8"?>
<record
    xmlns:xsi="http://www.w3.org/2001/XMLSchema-instance"
    xsi:schemaLocation="http://www.loc.gov/MARC21/slim http://www.loc.gov/standards/marcxml/schema/MARC21slim.xsd"
    xmlns="http://www.loc.gov/MARC21/slim">

  <leader>03247nam a2200577Ia 4500</leader>
  <controlfield tag="001">6154</controlfield>
  <controlfield tag="008">241029s9999    xx            000 0 und d</controlfield>
  <datafield tag="010" ind1=" " ind2=" ">
    <subfield code="a">5794</subfield>
  </datafield>
  <datafield tag="041" ind1=" " ind2=" ">
    <subfield code="a">Espa&#xF1;ol</subfield>
  </datafield>
  <datafield tag="082" ind1=" " ind2=" ">
    <subfield code="a">mdu-006-2016</subfield>
  </datafield>
  <datafield tag="245" ind1=" " ind2="0">
    <subfield code="a">Integraci&#xF3;n de las TIC, como Recursos Pedag&#xF3;gicos por los Docentes de Lenguas Modernas en el proceso de ense&#xF1;anza-aprendizaje de la Universidad Cat&#xF3;lica Nordestana, per&#xED;odo enero-abril 2016.</subfield>
  </datafield>
  <datafield tag="260" ind1=" " ind2=" ">
    <subfield code="a">Duarte</subfield>
  </datafield>
  <datafield tag="300" ind1=" " ind2=" ">
    <subfield code="a">68</subfield>
  </datafield>
  <datafield tag="520" ind1=" " ind2=" ">
    <subfield code="a">73</subfield>
  </datafield>
  <datafield tag="630" ind1=" " ind2=" ">
    <subfield code="a">Nuevas tecnolog&#xED;as</subfield>
  </datafield>
  <datafield tag="630" ind1=" " ind2=" ">
    <subfield code="a">Recursos Audiovisuales</subfield>
  </datafield>
  <datafield tag="630" ind1=" " ind2=" ">
    <subfield code="a">Recursos Tecnol&#xF3;gicos</subfield>
  </datafield>
  <datafield tag="630" ind1=" " ind2=" ">
    <subfield code="a">Tecnolog&#xED;a de la Informaci&#xF3;n y Comunicaci&#xF3;n (TICs)</subfield>
  </datafield>
  <datafield tag="630" ind1=" " ind2=" ">
    <subfield code="a">Tecnolog&#xED;a Educativa</subfield>
  </datafield>
  <datafield tag="650" ind1=" " ind2=" ">
    <subfield code="a">Tecnolog&#xED;a de la Informaci&#xF3;n y de la Comunicaci&#xF3;n (TICs)</subfield>
  </datafield>
  <datafield tag="690" ind1=" " ind2=" ">
    <subfield code="a">Sintetizado</subfield>
  </datafield>
  <datafield tag="700" ind1=" " ind2=" ">
    <subfield code="e">asesor</subfield>
    <subfield code="a">De la Cruz,  Rafaela</subfield>
  </datafield>
  <datafield tag="700" ind1=" " ind2=" ">
    <subfield code="e">autor</subfield>
    <subfield code="a">Acevedo Cruz, Bielina Josefina</subfield>
  </datafield>
  <datafield tag="700" ind1=" " ind2=" ">
    <subfield code="e">autor</subfield>
    <subfield code="a">Escoto Cabrera, Fausto Joel</subfield>
  </datafield>
  <datafield tag="901" ind1=" " ind2=" ">
    <subfield code="a">{"1":"Acevedo Cruz","2":"Escoto Cabrera"}</subfield>
    <subfield code="b">{"1":"Bielina Josefina","2":"Fausto Joel"}</subfield>
  </datafield>
  <datafield tag="902" ind1=" " ind2=" ">
    <subfield code="a">1</subfield>
  </datafield>
  <datafield tag="903" ind1=" " ind2=" ">
    <subfield code="a">{"1":"De la Cruz"}</subfield>
    <subfield code="b">{"1":" Rafaela"}</subfield>
  </datafield>
  <datafield tag="904" ind1=" " ind2=" ">
    <subfield code="a">Maestr&#xED;a en</subfield>
  </datafield>
  <datafield tag="905" ind1=" " ind2=" ">
    <subfield code="a">Docencia Universitaria</subfield>
  </datafield>
  <datafield tag="906" ind1=" " ind2=" ">
    <subfield code="a">2</subfield>
  </datafield>
  <datafield tag="907" ind1=" " ind2=" ">
    <subfield code="a">NO APLICA</subfield>
  </datafield>
  <datafield tag="908" ind1=" " ind2=" ">
    <subfield code="a">NO APLICA</subfield>
  </datafield>
  <datafield tag="909" ind1=" " ind2=" ">
    <subfield code="a">Universidad Cat&#xF3;lica Nordestana (UCNE)</subfield>
  </datafield>
  <datafield tag="910" ind1=" " ind2=" ">
    <subfield code="a">NULL</subfield>
    <subfield code="b">NULL</subfield>
  </datafield>
  <datafield tag="911" ind1=" " ind2=" ">
    <subfield code="a">["1"]</subfield>
  </datafield>
  <datafield tag="912" ind1=" " ind2=" ">
    <subfield code="a">NO APLICA</subfield>
  </datafield>
  <datafield tag="913" ind1=" " ind2=" ">
    <subfield code="a">NULL</subfield>
  </datafield>
  <datafield tag="914" ind1=" " ind2=" ">
    <subfield code="a">01 de Marzo de 2016</subfield>
  </datafield>
  <datafield tag="915" ind1=" " ind2=" ">
    <subfield code="a">22/10/19 04:10</subfield>
  </datafield>
  <datafield tag="916" ind1=" " ind2=" ">
    <subfield code="a">NULL</subfield>
  </datafield>
  <datafield tag="917" ind1=" " ind2=" ">
    <subfield code="a">NULL</subfield>
  </datafield>
  <datafield tag="918" ind1=" " ind2=" ">
    <subfield code="a">NO APLICA</subfield>
  </datafield>
  <datafield tag="919" ind1=" " ind2=" ">
    <subfield code="a">["228","174","218","296","191"]</subfield>
  </datafield>
  <datafield tag="520" ind1=" " ind2=" ">
    <subfield code="a">El presente informe de investigaci&#xF3;n titulado, integraci&#xF3;n de las TIC, como recursos pedag&#xF3;gicos por los docentes de Lenguas&#xA0; Modernas en el proceso ense&#xF1;anza-aprendizaje de la Universidad Cat&#xF3;lica Nordestana, per&#xED;odo enero-abril 2016.&#xA0;De manera general el estudio en cuesti&#xF3;n persigui&#xF3; evaluar la Integraci&#xF3;n de las TIC, como recursos pedag&#xF3;gicos por los docentes de Lenguas Modernas en el proceso de ense&#xF1;anza-aprendizaje de la Universidad Cat&#xF3;lica Nordestana, para determinar la cantidad de docente que poseen un buen dominio de las TIC y as&#xED; ofrecer una educaci&#xF3;n de calidad, acorde a los nuevos tiempos en el &#xE1;rea de los idiomas.Las variables con la que se cont&#xF3; en este estudio fue: las TIC, y el proceso de ense&#xF1;anza y aprendizaje. Para esto se utiliz&#xF3; una poblaci&#xF3;n de 16 docentes de Lenguas Modernas, la muestra igual a la poblaci&#xF3;n. Los dise&#xF1;os utilizados fueron el descriptivo y el anal&#xED;tico, la t&#xE9;cnica fue el cuestionario para la recolecci&#xF3;n de los datos.Los hallazgos m&#xE1;s relevantes indican que, aunque la universidad cuenta con los recursos tecnol&#xF3;gicos y audiovisuales para el proceso de ense&#xF1;anza, no todos los docentes de idiomas poseen la capacitaci&#xF3;n necesaria para utilizar e integrar las TIC en sus planes de clase. Un hallazgo notorio es que, la universidad no ha motivado a los docentes de idiomas a capacitarse sobre la utilizaci&#xF3;n y manejo de los recursos tecnol&#xF3;gicos, por lo que, usan un n&#xFA;mero limitado de recursos, ya que no han recibido capacitaci&#xF3;n.</subfield>
  </datafield>
  <datafield tag="921" ind1=" " ind2=" ">
    <subfield code="a">72</subfield>
  </datafield>
  <datafield tag="922" ind1=" " ind2=" ">
    <subfield code="a">72</subfield>
  </datafield>
  <datafield tag="923" ind1=" " ind2=" ">
    <subfield code="a">1</subfield>
  </datafield>
  <datafield tag="924" ind1=" " ind2=" ">
    <subfield code="a">NO APLICA</subfield>
  </datafield>
  <datafield tag="942" ind1=" " ind2=" ">
    <subfield code="c">Tesis</subfield>
  </datafield>
  <datafield tag="999" ind1=" " ind2=" ">
    <subfield code="c">5794</subfield>
    <subfield code="d">5794</subfield>
  </datafield>
</record>
